000 01290cam a2200277 4500
002 ##8997
008 #DATE n2002 000 0 eng u
020 _a1854190520
035 _a(Sirsi) u120256
041 0 _aeng
050 0 4 _a347.4109 $2 18
110 2 _aRoyal Institution of Chartered Surveyors
_bScotland
_93082
245 0 0 _aSurveyors acting as arbiter or as independent expert in commercial property rent reviews
_bScottish edition, guidance notes
250 _a2nd ed.
260 _aEdinburgh
_bRICS
_c2002
300 _a72p.
_c30cm.
490 0 _aRICS Scotland Guidance Note
520 _aOUT OF DATE, ARCHIVED 13/04/2015.
520 _aAims to assist surveyors appointed to act as arbiters or independent experts to a rent review dispute for commercial property.
520 _aSupersedes 1st ed.
520 _aUnable to supply copy ASH 170915
651 4 _aScotland
_y1999-
690 _aPROPERTY-COMMERCIAL PROPERTY-LEASEHOLD COMMERCIAL PROPERTY-COMMERCIAL LANDLORD AND TENANT-BUSINESS TENANCIES-RENT REVIEW (BUSINESS TENANCIES)
856 4 1 _uhttps://www.rics.org/Global/Surveyors_acting_as_arbiter_independent_Experts_commercial_rent_reviews_Scotland_8th_edition_PGGuidance_2002.pdf
_zView the guidance free of charge at www.rics.org/guidance...
942 _n0
999 _c102507
_d102507